000 00468nam a2200157 i 4500
001 22779
003 ES-MaACL
005 20230906152745.0
007 t|
008 021204s1977 sp ||||1| spa d
100 1 _aAlonso Tejada, Luis.
_920414
245 1 3 _aLa represión sexual en la España de Franco /
_cLuis Alonso Tejada.
260 _a[Barcelona] :
_bCírculo de Lectores,
_c[1977]
300 _a253 p. :
_bil. ;
_c21 cm.
852 _aES-MaACL
_jA-7790
_bR.97023
999 _c22779
_d22779